000 00558nam a2200229Ia 4500
001 1056
003 GE_BSU
008 181216s||||||||xx |||||||||||||| ||und||
020 _a5884150377
040 _cGE_BSU
080 _a159.9.(075.8)
100 _aСоколова, Е.Т.
245 _aОбщая психотерапия
260 _aМосква
260 _bТривола
260 _c2001
300 _a304стр.
541 _h8л.
653 _aОбщая психотерапия
653 _aПсихотерапия
942 _cBK
999 _c35210
_d35210